Byłe kraje według terytorium. - Statystyki

Ogólne statystyki
  • Ten quiz został rozwiązany 701 razy
  • Średni wynik to 10 z 18
Statystyki odpowiedzi
Obrazkowy Hint Odpowiedź % Poprawnych
1989 Związek Socjalistycznych Republik Radzieckich
88%
1989 Jugosławia
82%
1989 Czechosłowacja
80%
1800 Imperium Hiszpańskie
79%
117 N.E Imperium Rzymskie
78%
1914 Austro-Węgry
72%
1279 Imperium Mongolskie
71%
1683 Imperium Osmańskie
71%
1870 (na niebiesko) Prusy
71%
500 P.N.E Imperium Perskie Achemenidów
53%
323 B.C. Imperium Macedońskie
46%
1789 Republika Wenecka
44%
1500 Imperium Inków
40%
850 Kalifat Abbasydów
39%
1200 Święte Imperium Rzymskie
37%
814 Imperium Franków
36%
1700 Imperium Mogołów
6%
550 B.C. Imperium Nowobabilońskie
1%
Nie znaleziono quizów pasujących do podanych kryteriów
Rozkład punktacji
Procent ludzi z każdym wynikiem
Percentyl według liczby udzielonych odpowiedzi
Twoja historia wyników
Nie rozwiązałeś tego quizu